Constitución y derechos humanos : su reciprocidad simétrica /
Guardado en:
| Autor Principal: | |
|---|---|
| Formato: | Libro |
| Idioma: | Undetermined |
| Publicado: |
Buenos Aires :
Ediar,
1991.
|
| Edición: | 1a. ed. |
| Materias: | |
| Etiquetas: |
Agregar Etiqueta
Sin Etiquetas, Sea el primero en etiquetar este registro!
|
| LEADER | 00503nam a22001575a 4500 | ||
|---|---|---|---|
| 001 | DER.der015046 | ||
| 008 | 241018s1991####ag############000#0#und#d | ||
| 005 | 20241018111154.0 | ||
| 245 | 1 | 0 | |a Constitución y derechos humanos : |b su reciprocidad simétrica / |c Germán J. Bidart Campos. |
| 250 | |a 1a. ed. | ||
| 260 | |a Buenos Aires : |b Ediar, |c 1991. | ||
| 300 | |a 301 p. | ||
| 020 | |a 9505740883 | ||
| 100 | 1 | |a Bidart Campos, Germán J. | |
| 650 | 7 | |a DERECHO CONSTITUCIONAL | |
| 859 | |a DERECHO |b BIB. DERECHO |h 342.03 |i BID |p 0010505 | ||
